Propuesta de consorcios de exportación para el impulso de las MIPYMES de la industria del calzado /
Shranjeno v:
| Glavni avtor: | |
|---|---|
| Drugi avtorji: | , |
| Format: | Tesis Knjiga |
| Jezik: | španščina |
| Teme: | |
| Oznake: |
Brez oznak, prvi označite!
|
MARC
| LEADER | 00000nam^a2200000^a^4500 | ||
|---|---|---|---|
| 001 | 000285275 | ||
| 005 | 20250521000000.0 | ||
| 009 | 20260310111733.146 | ||
| 037 | |a Acervo ITESO - Biblioteca | ||
| 041 | |a ESP | ||
| 090 | |a CIN. 375 | ||
| 100 | |a Elizondo Chapa, Leticia |e (autor) | ||
| 245 | 1 | 0 | |a Propuesta de consorcios de exportación para el impulso de las MIPYMES de la industria del calzado / |c L. Elizondo Chapa, M. Soltero de Obeso, E. Huber Ruiz Velasco. |
| 264 | |a Guadalajara, México : |b edición de autor, |c 2008 | ||
| 300 | |a 1 disco compacto de computadora | ||
| 336 | |a datos para computadora |b cod |2 rdacontenido | ||
| 337 | |a computadora |b c |2 rdamedio | ||
| 338 | |a disco de computadora |b cd |2 rdasoporte | ||
| 502 | |a ITESO Reporte Profesional de Licenciatura en Comercio Internacional | ||
| 649 | |a XX | ||
| 650 | |a Industria del Calzado - |z México - |x Administración - |x Tema Principal | ||
| 650 | |a Alianzas Estratégicas y Clusters - |x Tema Principal | ||
| 650 | |a Empresas Exportadoras - |z México | ||
| 650 | |a Exportaciones - |z México | ||
| 650 | |a Importaciones - |z Asia | ||
| 650 | |a Apertura Comercial e Integración Económica | ||
| 650 | |a Competencia Internacional (Economía) | ||
| 650 | |a Comercio Internacional | ||
| 700 | |a Soltero de Obeso, Mara |e (autor) | ||
| 700 | |a Huber Ruiz Velasco, Eduardo |e (autor) | ||
| 910 | |a Fondo General | ||
| 920 | |a Electrónicos - Tesis del ITESO en Disco | ||
| 905 | |a 202 | ||
| 901 | |a 0500172458 |b IT2 |c STS |u 20250521 | ||
| 902 | |a https://opac.biblio.iteso.mx/vufind/Record/000285275 | ||